000 00727nam a2200289Ia 4500
005 20260324135651.0
008 008 260324s9999 xx 000 0 eng d
020 _a9780429076862
037 _aEBOOK
040 _aCRL
040 _beng
040 _cCRL
041 _2eng
041 _aeng
084 _qCRL
100 _aR Shimizu; D Williams
_91201443
245 0 _aMicrobeam Analysis
245 0 _bProceedings of the International Conference on Microbeam Analysis, 8-15 July, 2000
260 _bTaylor and Francis
260 _c2000
365 _a
365 _b840
856 _uhttp://www.taylorfrancis.com/books/9780429076862
942 _cEBOOK
999 _c1802780
_d1802780